[Event "37. Copenhagen Open (Politiken Cup)"]
[Site "Elsinore"]
[Date "2015.07.31"]
[Round "8"]
[White "Lobersli, Henrik Oie"]
[Black "McPhillips, Joseph"]
[Result "1-0"]
[WhiteElo "2034"]
[BlackElo "2191"]
[PlyCount "77"]
[EventDate "2015.07.25"]
[EventType "swiss"]
[EventRounds "10"]
[EventCountry "DEN"]
[Source "ChessBase"]
[SourceDate "2015.09.14"]

1. d4 e6 2. c4 Nf6 3. Nc3 Bb4 4. Qc2 O-O 5. a3 Bxc3+ 6. Qxc3 d5 7. Bg5 c5 8.
dxc5 d4 9. Qc2 e5 10. e3 h6 11. Bh4 dxe3 12. fxe3 Nbd7 13. b4 a5 14. Rd1 axb4
15. axb4 Ra3 16. Nf3 e4 17. Nd4 g5 18. Qc1 Ra6 19. Bg3 Ne8 20. Be2 Rf6 21. Rf1
Ng7 22. Qc2 Re8 23. Nb5 Rxf1+ 24. Kxf1 Nf5 25. Bf2 Qf6 26. Kg1 Qe5 27. Nd6 Nxd6
28. Bg3 Qg7 29. cxd6 f5 30. c5 Rf8 31. b5 f4 32. Be1 Nf6 33. c6 bxc6 34. bxc6
Bf5 35. d7 Nxd7 36. cxd7 Bxd7 37. Bc4+ Kh7 38. Bc3 Qe7 39. Rxd7 1-0

[Event "37. Copenhagen Open (Politiken Cup)"]
[Site "Elsinore"]
[Date "2015.07.31"]
[Round "8"]
[White "Lofgren, Claes"]
[Black "Roksvold, Jan"]
[Result "1/2-1/2"]
[WhiteElo "2102"]
[BlackElo "1927"]
[PlyCount "51"]
[EventDate "2015.07.25"]
[EventType "swiss"]
[EventRounds "10"]
[EventCountry "DEN"]
[Source "ChessBase"]
[SourceDate "2015.09.14"]

1. d4 Nf6 2. c4 e6 3. g3 d5 4. Bg2 Bb4+ 5. Bd2 Bd6 6. Nc3 c6 7. b3 O-O 8. Nf3
Nbd7 9. O-O b6 10. e4 dxe4 11. Ng5 Bb7 12. Ngxe4 Be7 13. Qc2 Nxe4 14. Nxe4 Nf6
15. Bc3 Qc7 16. Rad1 Rfd8 17. Rfe1 h6 18. Rd2 Rd7 19. Red1 Rad8 20. Qb2 Nxe4
21. Bxe4 Bf6 22. f4 c5 23. d5 Bxc3 24. Qxc3 exd5 25. cxd5 Qd6 26. Bf3 1/2-1/2

[Event "37. Copenhagen Open (Politiken Cup)"]
[Site "Elsinore"]
[Date "2015.07.31"]
[Round "8"]
[White "Louis, Thibault"]
[Black "Astrom, Lars"]
[Result "1-0"]
[WhiteElo "2250"]
[BlackElo "2097"]
[PlyCount "89"]
[EventDate "2015.07.25"]
[EventType "swiss"]
[EventRounds "10"]
[EventCountry "DEN"]
[Source "ChessBase"]
[SourceDate "2015.09.14"]

1. e4 c5 2. Nf3 Nc6 3. Bb5 g6 4. O-O Bg7 5. Re1 Nd4 6. Nxd4 cxd4 7. c3 a6 8.
Bc4 b5 9. Bb3 e6 10. d3 Ne7 11. cxd4 Bxd4 12. Nc3 Bg7 13. e5 Bb7 14. a4 b4 15.
Ne4 Bxe4 16. Rxe4 Nc6 17. d4 O-O 18. Bf4 Ne7 19. d5 Nxd5 20. Bxd5 exd5 21. Qxd5
Qe7 22. Rd1 Qe6 23. Rxb4 Rab8 24. Rxb8 Rxb8 25. Qxd7 Qxd7 26. Rxd7 Re8 27. Rd5
f6 28. Ra5 fxe5 29. Be3 Re6 30. b4 Bf8 31. b5 Rd6 32. g3 axb5 33. axb5 Rd8 34.
b6 Bd6 35. Rd5 Kf7 36. Bc5 Ke6 37. Rd1 Bxc5 38. Rxd8 Bxb6 39. Rh8 h5 40. Kg2
Bd4 41. Re8+ Kf7 42. Ra8 Kf6 43. Kf3 e4+ 44. Kxe4 Bxf2 45. Rf8+ 1-0

[Event "37. Copenhagen Open (Politiken Cup)"]
[Site "Elsinore"]
[Date "2015.07.31"]
[Round "8"]
[White "Lund, Per"]
[Black "Schadd, Jan"]
[Result "1/2-1/2"]
[WhiteElo "2029"]
[BlackElo "1852"]
[PlyCount "58"]
[EventDate "2015.07.25"]
[EventType "swiss"]
[EventRounds "10"]
[EventCountry "DEN"]
[Source "ChessBase"]
[SourceDate "2015.09.14"]

1. e4 e6 2. d4 d5 3. exd5 exd5 4. Nf3 Bf5 5. Be2 Bd6 6. O-O Ne7 7. Bg5 Nbc6 8.
c4 dxc4 9. Bxc4 Qd7 10. Nc3 f6 11. Bh4 O-O-O 12. d5 Ne5 13. Bb5 c6 14. dxc6
N7xc6 15. Bg3 Nxf3+ 16. Qxf3 Bxg3 17. hxg3 Bg4 18. Bxc6 bxc6 19. Qf4 Qd4 20.
Rfe1 Qxf4 21. gxf4 Rhe8 22. f3 Bf5 23. Rad1 Kc7 24. Kf2 Rb8 25. b3 Rbd8 26.
Rxd8 Rxd8 27. Re7+ Rd7 28. Rxd7+ Bxd7 29. Ke3 Kd6 1/2-1/2

[Event "37. Copenhagen Open (Politiken Cup)"]
[Site "Elsinore"]
[Date "2015.07.31"]
[Round "8"]
[White "Lundberg, Roland"]
[Black "Pedersen, Hans Buus"]
[Result "1-0"]
[WhiteElo "1990"]
[BlackElo "2158"]
[PlyCount "133"]
[EventDate "2015.07.25"]
[EventType "swiss"]
[EventRounds "10"]
[EventCountry "DEN"]
[Source "ChessBase"]
[SourceDate "2015.09.14"]

1. e4 c6 2. d4 d5 3. e5 c5 4. Nf3 Nc6 5. c4 cxd4 6. cxd5 Qxd5 7. Nc3 Qa5 8.
Nxd4 e6 9. Bb5 Bd7 10. O-O a6 11. Bxc6 bxc6 12. Re1 Ne7 13. Nb3 Qc7 14. Qf3 Ng6
15. Bf4 Bb4 16. Re3 O-O 17. Bg3 Be7 18. Qh5 Rfc8 19. Ne4 Be8 20. Nf6+ gxf6 21.
exf6 Qd8 22. Rd1 Bxf6 23. Rxd8 Rxd8 24. Qf3 Rd5 25. h4 Bxb2 26. h5 Nf8 27. Bf4
f5 28. Bh6 Bf7 29. Qg3+ Kh8 30. Rd3 Be5 31. Qe3 Nd7 32. Rxd5 cxd5 33. g4 Rg8
34. g5 Bxh5 35. Nc5 f4 36. Qe1 Bg7 37. Bxg7+ Rxg7 38. Nxd7 Rxd7 39. Qxe6 Rf7
40. Qxd5 f3 41. Qa8+ Kg7 42. Qxa6 Bg6 43. Qd6 Rf5 44. Qe7+ Bf7 45. Kh2 Kg6 46.
a4 Rxg5 47. Qe4+ Rf5 48. a5 Bd5 49. Qe8+ Bf7 50. Qc6+ Rf6 51. Qb5 Rf5 52. Qd3
Kf6 53. a6 Bd5 54. a7 Ke6 55. Qxd5+ Kxd5 56. a8=Q+ Ke6 57. Qc6+ Kf7 58. Kg3 Rf6
59. Qd5+ Kg7 60. Kg4 Kf8 61. Kg5 Kg7 62. Qd7+ Rf7 63. Qd4+ Kf8 64. Qd6+ Kg7 65.
Qe5+ Kf8 66. Kh6 Kg8 67. Qg5+ 1-0

[Event "37. Copenhagen Open (Politiken Cup)"]
[Site "Elsinore"]
[Date "2015.07.31"]
[Round "8"]
[White "Lunde, Sigmund"]
[Black "Maselli, Daniel"]
[Result "1-0"]
[WhiteElo "1898"]
[BlackElo "1717"]
[PlyCount "85"]
[EventDate "2015.07.25"]
[EventType "swiss"]
[EventRounds "10"]
[EventCountry "DEN"]
[Source "ChessBase"]
[SourceDate "2015.09.14"]

1. c4 f5 2. Nf3 Nf6 3. Nc3 g6 4. d4 Bg7 5. Bf4 O-O 6. e3 d6 7. Bd3 a6 8. h3 Qe8
9. Qd2 Nbd7 10. d5 Nc5 11. Bc2 e5 12. dxe6 Bxe6 13. Qe2 Bd7 14. O-O Bc6 15. Nd4
Nce4 16. Nxe4 Nxe4 17. Nxc6 Qxc6 18. Bd3 Rfe8 19. Rac1 Re6 20. Rfd1 Rae8 21. c5
d5 22. Qc2 Kh8 23. Qb3 Bf8 24. Qa3 b5 25. b4 Bg7 26. Qb3 Qb7 27. c6 Rxc6 28.
Bxe4 dxe4 29. Qf7 Rf8 30. Qe7 Rxc1 31. Rxc1 Qd5 32. Rxc7 Qg8 33. Be5 Rf7 34.
Qxf7 Qxf7 35. Rxf7 Bxe5 36. Ra7 Bc3 37. a3 a5 38. Rxa5 Bb2 39. Rxb5 Bxa3 40.
Rb7 Bb2 41. b5 Be5 42. b6 h6 43. Re7 1-0

[Event "37. Copenhagen Open (Politiken Cup)"]
[Site "Elsinore"]
[Date "2015.07.31"]
[Round "8"]
[White "Machlik, Jon"]
[Black "Rossen, Claus"]
[Result "0-1"]
[WhiteElo "1973"]
[BlackElo "2193"]
[PlyCount "98"]
[EventDate "2015.07.25"]
[EventType "swiss"]
[EventRounds "10"]
[EventCountry "DEN"]
[Source "ChessBase"]
[SourceDate "2015.09.14"]

1. e4 c5 2. Nf3 d6 3. d4 cxd4 4. Nxd4 Nf6 5. Nc3 g6 6. Be3 Bg7 7. Qd2 Nc6 8. f3
O-O 9. O-O-O d5 10. Kb1 Nxd4 11. Bxd4 dxe4 12. fxe4 Be6 13. a3 Rc8 14. Be2 Rxc3
15. Qxc3 Nxe4 16. Qe3 Qd5 17. c4 Qc6 18. Bxg7 Kxg7 19. Qd4+ f6 20. b3 Nc5 21.
Qe3 Bf5+ 22. Ka2 e5 23. Rd5 b6 24. Rhd1 Bc2 25. R1d2 Bxb3+ 26. Kb2 Ba4 27. Bf3
Qe6 28. Be2 Nb7 29. g4 h6 30. h4 Bc6 31. R5d3 Rf7 32. g5 hxg5 33. hxg5 f5 34.
Qh3 Kg8 35. Rd8+ Nxd8 36. Rxd8+ Rf8 37. Rxf8+ Kxf8 38. Qh8+ Ke7 39. Qg7+ Kd6
40. Qxa7 Kc5 41. Kb3 f4 42. a4 Qh3+ 43. Kb2 Qd7 44. Qb8 Qd2+ 45. Kb3 Bxa4+ 46.
Ka3 Qc3+ 47. Ka2 Bb3+ 48. Kb1 Qc2+ 49. Ka1 Qc1# 0-1

[Event "37. Copenhagen Open (Politiken Cup)"]
[Site "Elsinore"]
[Date "2015.07.31"]
[Round "8"]
[White "Madison, Sigurd"]
[Black "Zyde, Fadmal"]
[Result "0-1"]
[WhiteElo "1853"]
[BlackElo "1667"]
[PlyCount "94"]
[EventDate "2015.07.25"]
[EventType "swiss"]
[EventRounds "10"]
[EventCountry "DEN"]
[Source "ChessBase"]
[SourceDate "2015.09.14"]

1. e4 e5 2. Nf3 Nc6 3. Bb5 d6 4. c3 Bd7 5. d3 a6 6. Ba4 Nge7 7. Nbd2 f5 8. Bb3
Na5 9. Ng5 Nd5 10. Nf1 Be7 11. Bxd5 Bxg5 12. Qh5+ g6 13. Qxg5 Qxg5 14. Bxg5 h6
15. Bd2 c6 16. Bb3 Nxb3 17. axb3 f4 18. f3 g5 19. b4 b5 20. g4 h5 21. gxh5 Rxh5
22. c4 Ke7 23. Bc3 Ke6 24. c5 d5 25. d4 dxe4 26. fxe4 g4 27. Kf2 Rh3 28. Nd2
Rah8 29. Kg2 f3+ 30. Kg1 Rg8 31. Kf2 Rgh8 32. Nf1 Bc8 33. Rd1 exd4 34. Bxd4 Rd8
35. Ng3 Rd7 36. Nf1 Kf7 37. Ne3 Rd8 38. Be5 Re8 39. Bg3 Rxe4 40. Rd6 Rxb4 41.
Nd1 Rc4 42. Rxc6 Rc2+ 43. Ke3 Rh8 44. Kf4 Rc4+ 45. Ke5 Bd7 46. Rc7 Rh5+ 47. Kd6
Rd4# 0-1

[Event "37. Copenhagen Open (Politiken Cup)"]
[Site "Elsinore"]
[Date "2015.07.31"]
[Round "8"]
[White "Madsen, Dennis"]
[Black "Rasmussen, Henning1"]
[Result "0-1"]
[WhiteElo "1678"]
[BlackElo "1817"]
[PlyCount "110"]
[EventDate "2015.07.25"]
[EventType "swiss"]
[EventRounds "10"]
[EventCountry "DEN"]
[Source "ChessBase"]
[SourceDate "2015.09.14"]

1. d4 Nf6 2. Nc3 g6 3. e4 d6 4. Nf3 Bg7 5. Bc4 O-O 6. Bg5 c6 7. Qd2 b5 8. Bd3
a5 9. a3 Bb7 10. O-O Nbd7 11. e5 dxe5 12. dxe5 Ng4 13. Rfe1 Ngxe5 14. Nxe5 Nxe5
15. f4 Nxd3 16. cxd3 Qb6+ 17. Kh1 f6 18. Bh4 e5 19. Bf2 c5 20. b4 axb4 21. axb4
Qc6 22. Bxc5 Rxa1 23. Rxa1 Rd8 24. Ra2 exf4 25. d4 f3 26. d5 fxg2+ 27. Kg1 Qd7
28. Ra7 Ra8 29. Rxa8+ Bxa8 30. Qa2 Qe8 31. d6+ Kh8 32. Qe2 Qxe2 33. Nxe2 Bc6
34. Nf4 Kg8 35. Nd5 Kf7 36. Nf4 f5 37. Nxg2 Ke6 38. Ne3 Kd7 39. Nc2 Be5 40. Nd4
Bxd6 41. Bxd6 Kxd6 42. Kf2 Bd7 43. Ke3 g5 44. Nf3 h6 45. Kd4 Bc6 46. Ne5 Bd5
47. Nd3 f4 48. Nf2 h5 49. Nd3 f3 50. Nf2 g4 51. Nd3 h4 52. Ke3 g3 53. hxg3 hxg3
54. Nf4 f2 55. Ke2 Bc4+ 0-1

[Event "37. Copenhagen Open (Politiken Cup)"]
[Site "Elsinore"]
[Date "2015.07.31"]
[Round "8"]
[White "Maechel, Michael"]
[Black "Kristiansen, Jesper2"]
[Result "1/2-1/2"]
[WhiteElo "1738"]
[BlackElo "2051"]
[PlyCount "62"]
[EventDate "2015.07.25"]
[EventType "swiss"]
[EventRounds "10"]
[EventCountry "DEN"]
[Source "ChessBase"]
[SourceDate "2015.09.14"]

1. e4 d5 2. exd5 Nf6 3. d4 Bg4 4. Be2 Bxe2 5. Qxe2 Qxd5 6. Nf3 Nc6 7. c4 Qf5 8.
a3 O-O-O 9. Be3 e6 10. O-O g5 11. Nc3 Rg8 12. Rad1 g4 13. Nh4 Qh5 14. g3 Be7
15. Ng2 Kb8 16. Nf4 Qf5 17. d5 Ne5 18. dxe6 fxe6 19. Kg2 Rge8 20. Rxd8+ Rxd8
21. Rd1 Rxd1 22. Qxd1 h6 23. b3 Ne4 24. Qd4 Nxc3 25. Qxc3 Qe4+ 26. Kf1 Bxa3 27.
b4 Qb1+ 28. Kg2 Bb2 29. Qd2 Qe4+ 30. Kf1 Qh1+ 31. Ke2 Qf3+ 1/2-1/2

[Event "37. Copenhagen Open (Politiken Cup)"]
[Site "Elsinore"]
[Date "2015.07.31"]
[Round "8"]
[White "Marthedal, Anton Mehmet Yildiz"]
[Black "Jorgensen, Orla Eilegaard"]
[Result "1-0"]
[WhiteElo "1811"]
[BlackElo "1656"]
[PlyCount "79"]
[EventDate "2015.07.25"]
[EventType "swiss"]
[EventRounds "10"]
[EventCountry "DEN"]
[Source "ChessBase"]
[SourceDate "2015.09.14"]

1. d4 d5 2. Nf3 c5 3. c3 cxd4 4. cxd4 Nc6 5. Nc3 Nf6 6. Bg5 e6 7. e3 a6 8. Bd3
Be7 9. O-O b5 10. a3 h6 11. Bh4 Bb7 12. b4 O-O 13. Rc1 Rc8 14. Bb1 Bd6 15. Qd3
g6 16. Rfe1 Be7 17. Qe2 Nh7 18. Bg3 Bd6 19. Bxd6 Qxd6 20. Na2 Rc7 21. Rc5 Rfc8
22. Nc1 Nf6 23. Nd3 Ne4 24. Rcc1 Ne7 25. Nc5 Kg7 26. Ne5 f5 27. g4 Ba8 28. f3
Nf6 29. gxf5 exf5 30. Qg2 Nh5 31. Nxg6 Qxg6 32. Ne6+ Kf7 33. Qxg6+ Kxg6 34.
Rxc7 Rxc7 35. Nxc7 Bb7 36. Rc1 Nf6 37. Nxb5 Bc6 38. Nd6 Nd7 39. Rxc6 Nxc6 40.
Bxf5+ 1-0

[Event "37. Copenhagen Open (Politiken Cup)"]
[Site "Elsinore"]
[Date "2015.07.31"]
[Round "8"]
[White "Martinsson, Jonas"]
[Black "Jarve, Edvin"]
[Result "0-1"]
[WhiteElo "1845"]
[BlackElo "1637"]
[PlyCount "62"]
[EventDate "2015.07.25"]
[EventType "swiss"]
[EventRounds "10"]
[EventCountry "DEN"]
[Source "ChessBase"]
[SourceDate "2015.09.14"]

1. e4 e6 2. d4 d5 3. Nc3 Bb4 4. exd5 exd5 5. Bd3 Nf6 6. a3 Bd6 7. Nb5 O-O 8.
Nxd6 Qxd6 9. Ne2 Re8 10. O-O Bg4 11. f3 Bh5 12. Nf4 Bg6 13. Nxg6 hxg6 14. Re1
Nbd7 15. c3 Qb6 16. Kh1 Rxe1+ 17. Qxe1 Re8 18. Qf2 Nf8 19. Be3 Ne6 20. Re1 Qd6
21. Qh4 c6 22. Bc1 Qd7 23. f4 Nc7 24. Rf1 Qe7 25. Bd2 Ne4 26. Qe1 f5 27. Kg1
Kf7 28. g4 Kf6 29. Qh4+ Kf7 30. Qxe7+ Rxe7 31. g5 Nxd2 0-1

[Event "37. Copenhagen Open (Politiken Cup)"]
[Site "Elsinore"]
[Date "2015.07.31"]
[Round "8"]
[White "Matras, Ove"]
[Black "Arbeus, Carl Johan"]
[Result "1-0"]
[WhiteElo "1940"]
[BlackElo "1779"]
[PlyCount "51"]
[EventDate "2015.07.25"]
[EventType "swiss"]
[EventRounds "10"]
[EventCountry "DEN"]
[Source "ChessBase"]
[SourceDate "2015.09.14"]

1. e4 c5 2. Nc3 Nc6 3. f4 g6 4. Nf3 Bg7 5. Bc4 Na5 6. Be2 d6 7. d3 Nf6 8. O-O
O-O 9. h3 a6 10. Be3 b5 11. Qd2 b4 12. Nd1 Nc6 13. a3 a5 14. c3 Bb7 15. Nf2 e6
16. Ng4 Nd7 17. f5 exf5 18. exf5 Nde5 19. Nfxe5 Nxe5 20. f6 Nxg4 21. fxg7 Nxe3
22. gxf8=Q+ Qxf8 23. Qxe3 Re8 24. Qd2 Qe7 25. Rae1 Qh4 26. Bf3 1-0

[Event "37. Copenhagen Open (Politiken Cup)"]
[Site "Elsinore"]
[Date "2015.07.31"]
[Round "8"]
[White "Merkesvik, Sondre"]
[Black "Quinn, David"]
[Result "1-0"]
[WhiteElo "2130"]
[BlackElo "1947"]
[PlyCount "41"]
[EventDate "2015.07.25"]
[EventType "swiss"]
[EventRounds "10"]
[EventCountry "DEN"]
[Source "ChessBase"]
[SourceDate "2015.09.14"]

1. e4 e5 2. Nf3 Nc6 3. Bc4 Nf6 4. d4 exd4 5. O-O Bc5 6. e5 d5 7. exf6 dxc4 8.
fxg7 Rg8 9. Bg5 Qd5 10. Nc3 Qf5 11. Re1+ Be6 12. Ne4 Be7 13. Bxe7 Kxe7 14. Nxd4
Qd5 15. Nxc6+ Qxc6 16. Qd4 Rad8 17. Qf6+ Ke8 18. Ng5 Kd7 19. Rad1+ Bd5 20. Qf5+
Kd6 21. Ne4+ 1-0

[Event "37. Copenhagen Open (Politiken Cup)"]
[Site "Elsinore"]
[Date "2015.07.31"]
[Round "8"]
[White "Micalizio, Tiziano Wul"]
[Black "Huse, Lars Paul"]
[Result "1-0"]
[WhiteElo "1644"]
[BlackElo "1170"]
[PlyCount "61"]
[EventDate "2015.07.25"]
[EventType "swiss"]
[EventRounds "10"]
[EventCountry "DEN"]
[Source "ChessBase"]
[SourceDate "2015.09.14"]

1. d4 d5 2. Nf3 Nf6 3. g3 e6 4. Bg2 Bd6 5. O-O O-O 6. c4 c6 7. cxd5 cxd5 8. Nc3
Nc6 9. Nb5 Bb8 10. Bg5 a6 11. Nc3 h6 12. Bd2 Bd7 13. Rc1 Bd6 14. Na4 Be8 15.
Nc5 Rb8 16. Re1 Nd7 17. Nxd7 Bxd7 18. Bc3 f6 19. Nh4 Ne7 20. Qc2 Rc8 21. Ng6
Nxg6 22. Qxg6 Qe8 23. Qb1 Qe7 24. e4 Bc6 25. exd5 Bd7 26. dxe6 Bxe6 27. d5 Qc7
28. dxe6 Qb6 29. Qg6 Bc5 30. Rc2 Rfd8 31. Bxf6 1-0

[Event "37. Copenhagen Open (Politiken Cup)"]
[Site "Elsinore"]
[Date "2015.07.31"]
[Round "8"]
[White "Molvig, Henrik"]
[Black "Larsen, Ulrik"]
[Result "0-1"]
[WhiteElo "2157"]
[BlackElo "2005"]
[PlyCount "44"]
[EventDate "2015.07.25"]
[EventType "swiss"]
[EventRounds "10"]
[EventCountry "DEN"]
[Source "ChessBase"]
[SourceDate "2015.09.14"]

1. d4 d5 2. c4 e6 3. Nc3 c5 4. cxd5 exd5 5. Nf3 Nc6 6. g3 Nf6 7. Bg2 Be7 8. O-O
O-O 9. dxc5 d4 10. Na4 Bf5 11. Bd2 Nd5 12. Rc1 Qd7 13. a3 Bg4 14. b4 a6 15. Nb2
Rad8 16. Nd3 Qf5 17. Qb3 Bf6 18. Rfe1 Rfe8 19. Qc4 Qh5 20. Nf4 Nxf4 21. Bxf4 d3
22. h3 Be6 0-1

[Event "37. Copenhagen Open (Politiken Cup)"]
[Site "Elsinore"]
[Date "2015.07.31"]
[Round "8"]
[White "Molvig, Julius"]
[Black "Kakulidis, Ellen"]
[Result "1/2-1/2"]
[WhiteElo "1926"]
[BlackElo "1770"]
[PlyCount "99"]
[EventDate "2015.07.25"]
[EventType "swiss"]
[EventRounds "10"]
[EventCountry "DEN"]
[Source "ChessBase"]
[SourceDate "2015.09.14"]

1. d4 Nf6 2. c4 c5 3. d5 e6 4. Nc3 exd5 5. cxd5 d6 6. e4 g6 7. f4 Qe7 8. Bd3
Bg7 9. Nf3 Bg4 10. O-O O-O 11. h3 Bxf3 12. Qxf3 Nbd7 13. Bd2 a6 14. a4 Ne8 15.
Rae1 Qd8 16. Kh1 Nc7 17. g4 Rb8 18. g5 b5 19. axb5 axb5 20. h4 b4 21. Na4 Nb5
22. Bxb5 Rxb5 23. b3 Ra5 24. h5 Qb8 25. hxg6 fxg6 26. Qh3 Rf7 27. f5 c4 28.
fxg6 Rxf1+ 29. Rxf1 hxg6 30. Qe6+ Kh8 31. Rf3 Nf8 32. Rh3+ Nh7 33. Qxg6 Qg8 34.
Bxb4 Rxd5 35. Qxh7+ Qxh7 36. Rxh7+ Kxh7 37. exd5 cxb3 38. Bc3 Bxc3 39. Nxc3 Kg6
40. Kg2 Kxg5 41. Kf3 Kf5 42. Ke3 Ke5 43. Kd2 b2 44. Kc2 Kd4 45. Kxb2 Kc4 46.
Kc2 Kd4 47. Kb3 Kc5 48. Kc2 Kd4 49. Kb2 Kc4 50. Kc2 1/2-1/2

[Event "37. Copenhagen Open (Politiken Cup)"]
[Site "Elsinore"]
[Date "2015.07.31"]
[Round "8"]
[White "Mouritsen, Jan"]
[Black "Strand, Kjetil"]
[Result "0-1"]
[WhiteElo "1799"]
[BlackElo "2035"]
[PlyCount "66"]
[EventDate "2015.07.25"]
[EventType "swiss"]
[EventRounds "10"]
[EventCountry "DEN"]
[Source "ChessBase"]
[SourceDate "2015.09.14"]

1. d4 d5 2. Nf3 Nf6 3. e3 Bg4 4. c4 e6 5. Nc3 c6 6. Be2 Be7 7. Ne5 Bxe2 8. Qxe2
O-O 9. O-O Nbd7 10. Nxd7 Qxd7 11. Rd1 Rad8 12. b3 Qc7 13. Bb2 Rfe8 14. e4 dxe4
15. Nxe4 Qf4 16. Ng3 Rd7 17. Rd3 Red8 18. Rad1 Qg4 19. Qxg4 Nxg4 20. Ne4 f5 21.
Ng3 Bf6 22. h3 Nh6 23. Ne2 Nf7 24. Nf4 Re8 25. Re1 Ng5 26. Nh5 Kf7 27. Nxf6
gxf6 28. Rde3 f4 29. Rd3 e5 30. h4 Ne6 31. Re4 Nc5 32. dxc5 Rxd3 33. Re2 e4 0-1

[Event "37. Copenhagen Open (Politiken Cup)"]
[Site "Elsinore"]
[Date "2015.07.31"]
[Round "8"]
[White "Mozelius, Peter"]
[Black "Slettebo, Jan"]
[Result "0-1"]
[WhiteElo "1825"]
[BlackElo "2006"]
[PlyCount "86"]
[EventDate "2015.07.25"]
[EventType "swiss"]
[EventRounds "10"]
[EventCountry "DEN"]
[Source "ChessBase"]
[SourceDate "2015.09.14"]

1. d4 d5 2. Nf3 Nf6 3. Bf4 c5 4. e3 Nc6 5. c3 Qb6 6. Qc1 Bf5 7. Nbd2 cxd4 8.
exd4 Rc8 9. Be2 h6 10. h3 g5 11. Be5 Bg7 12. g4 Be4 13. Rg1 a6 14. a4 Nxe5 15.
Nxe5 Qe6 16. Kf1 Nd7 17. Nxd7 Qxd7 18. Nxe4 dxe4 19. Qe3 Qd5 20. Rg3 O-O 21.
Kg1 e5 22. dxe5 Bxe5 23. Rg2 Rcd8 24. Kh1 Bf4 25. Qb6 Rd6 26. Qb4 Qc6 27. Qc4
Qd7 28. Qxe4 Re8 29. Qf3 Rd2 30. Bc4 b5 31. axb5 axb5 32. Bb3 Rd3 33. Bxf7+
Kxf7 34. Ra7 Rxf3 35. Rxd7+ Kf6 36. Rg1 Rxf2 37. Ra1 Rh2+ 38. Kg1 Rxb2 39. Ra6+
Re6 40. Ra1 Be3+ 41. Kh1 Ke5 42. Rad1 Kf4 43. Rf1+ Kg3 0-1

[Event "37. Copenhagen Open (Politiken Cup)"]
[Site "Elsinore"]
[Date "2015.07.31"]
[Round "8"]
[White "Naesborg, Jens Ole"]
[Black "Halvorsen, Benjamin"]
[Result "1-0"]
[WhiteElo "1900"]
[BlackElo "1728"]
[PlyCount "35"]
[EventDate "2015.07.25"]
[EventType "swiss"]
[EventRounds "10"]
[EventCountry "DEN"]
[Source "ChessBase"]
[SourceDate "2015.09.14"]

1. e4 d5 2. d4 dxe4 3. Nc3 Nf6 4. Bg5 Bf5 5. f3 exf3 6. Nxf3 e6 7. Bxf6 Qxf6 8.
Bd3 Bxd3 9. Qxd3 c6 10. O-O Qg6 11. Ne4 Nd7 12. Rae1 Bb4 13. c3 Be7 14. Qe2 O-O
15. Nfd2 Rad8 16. Rf3 Nf6 17. Rg3 Qh5 18. Nxf6+ 1-0

[Event "37. Copenhagen Open (Politiken Cup)"]
[Site "Elsinore"]
[Date "2015.07.31"]
[Round "8"]
[White "Nahnsen, Kenneth"]
[Black "Lauritsen, Martin Lee"]
[Result "1/2-1/2"]
[WhiteElo "1960"]
[BlackElo "2102"]
[PlyCount "73"]
[EventDate "2015.07.25"]
[EventType "swiss"]
[EventRounds "10"]
[EventCountry "DEN"]
[Source "ChessBase"]
[SourceDate "2015.09.14"]

1. d4 Nf6 2. c4 e6 3. g3 d5 4. Bg2 dxc4 5. Nf3 c5 6. O-O Nc6 7. Qa4 Nd7 8. dxc5
Nxc5 9. Qxc4 Be7 10. Be3 Qa5 11. Nd4 Ne5 12. Qc3 Qxc3 13. Nxc3 Bd7 14. Nb3 Nxb3
15. axb3 a6 16. Bxb7 Rb8 17. Bg2 Rxb3 18. Rxa6 O-O 19. Ra7 Bf6 20. Bf4 Bc6 21.
Bxe5 Bxg2 22. Bxf6 Bxf1 23. Be7 Bh3 24. Bxf8 Kxf8 25. Na4 e5 26. f3 Be6 27. Nc5
Rxb2 28. Nxe6+ fxe6 29. Kf2 Rb5 30. g4 h6 31. h4 Rd5 32. Ke3 Rb5 33. Kf2 Rd5
34. h5 Rb5 35. Kg3 Rb2 36. e4 Rb5 37. Rc7 1/2-1/2

[Event "37. Copenhagen Open (Politiken Cup)"]
[Site "Elsinore"]
[Date "2015.07.31"]
[Round "8"]
[White "Nielsen, Andre"]
[Black "Hvenekilde, Jorgen"]
[Result "1-0"]
[WhiteElo "1963"]
[BlackElo "2114"]
[PlyCount "87"]
[EventDate "2015.07.25"]
[EventType "swiss"]
[EventRounds "10"]
[EventCountry "DEN"]
[Source "ChessBase"]
[SourceDate "2015.09.14"]

1. e4 d6 2. d4 g6 3. Nc3 Bg7 4. f4 e6 5. Nf3 Ne7 6. Bd3 a6 7. O-O Nd7 8. Bd2 c5
9. Be3 b6 10. Qe1 Nc6 11. dxc5 bxc5 12. Rd1 Nd4 13. Bxd4 cxd4 14. Ne2 Qb6 15.
Qf2 Qxb2 16. Rb1 Qa3 17. Nfxd4 O-O 18. f5 Ne5 19. f6 Bh8 20. Qh4 Nd7 21. Rb3
Qc5 22. g4 g5 23. Qh6 Nxf6 24. e5 Bg7 25. Qh3 dxe5 26. Rxf6 Rd8 27. Qxh7+ Kf8
28. Bg6 Ra7 29. Rxf7+ Rxf7 30. Bxf7 Rxd4 31. Qg8+ Ke7 32. Qe8+ Kf6 33. Nxd4
Qxd4+ 34. Kg2 Bb7+ 35. Rxb7 Qd2+ 36. Kf3 Qd1+ 37. Ke3 Qd4+ 38. Ke2 Qxg4+ 39.
Kd2 Qd4+ 40. Kc1 Qe3+ 41. Kb2 Qd4+ 42. Ka3 Qc5+ 43. Ka4 Qc4+ 44. Ka5 1-0

[Event "37. Copenhagen Open (Politiken Cup)"]
[Site "Elsinore"]
[Date "2015.07.31"]
[Round "8"]
[White "Nielsen, Jan Mose"]
[Black "Hojem, Roger"]
[Result "1-0"]
[WhiteElo "2074"]
[BlackElo "1738"]
[PlyCount "41"]
[EventDate "2015.07.25"]
[EventType "swiss"]
[EventRounds "10"]
[EventCountry "DEN"]
[Source "ChessBase"]
[SourceDate "2015.09.14"]

1. d4 Nf6 2. Bg5 d5 3. Nf3 e6 4. Nc3 Be7 5. Bxf6 Bxf6 6. e4 dxe4 7. Nxe4 O-O 8.
c3 Nd7 9. Bd3 b6 10. Qe2 Bb7 11. O-O-O Qe7 12. g4 Bxe4 13. Qxe4 g6 14. h4 c5
15. g5 Bh8 16. d5 e5 17. d6 Qe6 18. h5 Rae8 19. hxg6 f5 20. gxf6 Nxf6 21. gxh7+
1-0

[Event "37. Copenhagen Open (Politiken Cup)"]
[Site "Elsinore"]
[Date "2015.07.31"]
[Round "8"]
[White "Nielsen, Jens Holm"]
[Black "Frisk, Hans"]
[Result "0-1"]
[WhiteElo "1836"]
[BlackElo "2013"]
[PlyCount "78"]
[EventDate "2015.07.25"]
[EventType "swiss"]
[EventRounds "10"]
[EventCountry "DEN"]
[Source "ChessBase"]
[SourceDate "2015.09.14"]

1. Nc3 Nf6 2. e4 e5 3. Bc4 Nxe4 4. Nxe4 d5 5. Bd3 dxe4 6. Bxe4 Bc5 7. Qf3 Qf6
8. d3 Qxf3 9. Nxf3 O-O 10. Be3 Bxe3 11. fxe3 Nd7 12. Bf5 Re8 13. O-O-O Nc5 14.
Bxc8 Raxc8 15. b4 Na4 16. Rde1 e4 17. Nd2 exd3 18. cxd3 c5 19. b5 Nc3 20. Kc2
Nxb5 21. Nc4 Rb8 22. Rhf1 Re6 23. Rf5 Nd4+ 24. exd4 Rxe1 25. dxc5 Re2+ 26. Kc3
Rd8 27. d4 g6 28. Rf3 Rxa2 29. Rd3 Rxg2 30. d5 Rg5 31. Nd6 Rxd6 32. cxd6 Kf8
33. Kc4 Ke8 34. Rb3 Kd7 35. Rxb7+ Kxd6 36. Rxf7 Rg4+ 37. Kd3 Rh4 38. Rxa7 Kxd5
39. Ra2 Rh3+ 0-1